000 00290nam a22001337a 4500
008 171019b xxu||||| |||| 00| 0 eng d
020 _a9780201550733
041 _aeng
080 _a338
100 _a53
101 _aMNG
245 _aMANAGING TRANSITIONS
_cBRIDGES, W
942 _2udc
_cBK
999 _c34815
_d34815